01597nam a2200205 a 4500008004100000020001500041041000800056092001700064100003100081245004400112250003800156260003800194300001100232500008600243505081600329655001701145942001301162999001501175952020101190161215t1999 sp |||g |||| 001 f spa d a840101218X aspa c808l34sHIG1 aHiggins Clark, Mary.94338 aPor siempre mía /cMary Higgins Clark a1a ed.bTraducción Silvia Komet aBarcelona:bPlaza & Janes;c1999. a258 p. aHiggins Clark, M. (1999). Por siempre mía. (1a ed.). Barcelona : Plaza & Janes. aUna serie de mujeres desaparecidas en extrañas circunstancias tienen un elemento en común: todas han recibido, de un admirador misterioso, un anillo con las palabras por siempre mía grabadas en su interior. La psicóloga Susan Chandler entrevista en su programa de televisión al autor del libro sobre mujeres desaparecidas y a partir de entonces una serie de cabos sueltos van perfilando una terrible sospecha: ¿acaso se trata de un asesino en serie? Sin embargo, lo que la doctora Susan ignora es que el psicópata se encuentra mucho más cerca de lo que cree, precisamente entre sus numerosos admiradores, y que no está dispuesta a permitir que nadie estropee sus macabros designios... Una nueva y sobrecogedora novela de la reina de la intriga, que atrapa al lector desde la primera página.  aNovela93091 2ddccLIT c3290d3290 00102ddc4070aBFMbBFMcCRd2025-07-25eDonación Navarro, Adriana. Julio 2025l0o808 34 HIGp5065r2025-07-25tEj. 1w2025-07-25yLITzDonación Navarro, Adriana. Julio 2025. Sede Tordos.f